Hauptstädte Afrikas auf einer Karte - Statistiken

Allgemein
  • Dieses Quiz wurde 2.152 mal gespielt
  • Das Durchschnittsergebnis liegt bei 31 aus 57
Antworten auf der Karte
Die Antworten werden auf der Karte rot bzw. grün angezeigt, abhängig davon wie oft sie richtig erraten wurden.
 
Antwortstatistiken
Antwort % Korrekt
Kairo
97%
Algier
92%
Tunis
90%
Rabat
85%
Kapstadt
83%
Nairobi
76%
Tripolis
76%
Dschibuti
75%
Addis Abeba
73%
São Tomé
70%
Dakar
68%
Pretoria
68%
Luanda
67%
Bissau
66%
Freetown
65%
Windhoek
65%
Accra
64%
Kinshasa
62%
Abuja
61%
Mogadischu
60%
Antananarivo
58%
Brazzaville
58%
Khartum
57%
Libreville
56%
Victoria
56%
Juba
52%
Niamey
51%
Asmara
50%
Jaunde
50%
Lomé
50%
Bamako
49%
Ouagadougou
49%
Kampala
48%
Praia
48%
Monrovia
47%
Porto-Novo
47%
Conakry
46%
Dodoma
46%
Port Louis
46%
Yamoussoukro
46%
Banjul
45%
Harare
45%
Nouakchott
45%
Kigali
44%
Lusaka
44%
N'Djamena
43%
Maputo
42%
Bloemfontein
41%
Bangui
40%
Gaborone
40%
Lilongwe
40%
Mbabane
40%
Malabo
37%
Moroni
37%
Gitega
36%
Maseru
33%
Cotonou
16%
Keine übereinstimmenden Quizze gefunden
Verteilung der Resultate
Anzahl Personen mit jedem Resultat
Perzentil nach korrekt beantworteten Fragen
Ihre Resultats-Entwicklung
Sie haben dieses Quiz noch nicht gespielt